| 000 | 00940nam a2200193 a 4500 | ||
|---|---|---|---|
| 005 | 20160729020003.0 | ||
| 008 | 160727t2010 ck ab|||r|||| 00| 0 spa d | ||
| 040 |
_aCO-BoIAVH _cCO-BoIAVH |
||
| 041 | 0 | _aspa | |
| 044 | _ack | ||
| 090 |
_aFH- _b0051 |
||
| 245 | 0 | 0 |
_aColombian birds : _bColombia boasts the largest diversity of birds in the world |
| 260 |
_aBogotá, Colombia : _bMinisterio de Comercio Industria y Turismo de Colombia : _bInstituto de Investigación de Recursos Biológicos Alexander von Humboldt : _bMinisterio de Ambiente, Vivienda y Desarrollo Territorial : _bParques Nacionales Naturales de Colombia : _bFundación alas de cristal : _bProexport Colombia, _c2010. |
||
| 300 |
_a1 plegable : _bilustraciones a color y un mapa : _c24 x 17 cm. |
||
| 650 | 2 | 6 |
_aAves _zColombia |
| 650 | 2 | 6 |
_aAves _xHabitat _zColombia |
| 650 | 2 | 6 |
_aAves _vilustraciones _xclasificación _zColombia |
| 942 |
_2z _cFolleto _01 |
||
| 999 |
_c18917 _d18917 |
||